000 00972nac a22002537a 4500
001 BR3600073
003 BR-BrBNA
005 20240105112809.0
008 230509b bl.|||m| |||| 00| 0 por d
040 _aBR-BrBNA
_bpor
_cBiblioteca Nacional de Agricultura
072 _aE70; E15
090 _a2120 BR3600073
110 1 _aSecretaria de Estado dos Negocios da Agricultura, Industria e Comercio do Estado de Sao Paulo, Sao Paulo (Brasil). Depto. de Assistencia ao Cooperativismo
_98946
245 1 _aSilos cooperativos [cafe, Sao Paulo, Brasil]
260 3 _aSao Paulo, SP (Brasil):
_c1935.
300 _a14 p.
490 _aPublicacao - Secretaria de Estado dos Negocios da Agricultura, Industria e Commercio do Estado de Sao Paulo. Depto. de Assistencia ao Cooperativismo (Brazil)
_vno. 20
_x
650 _aSILO
650 _aCAFE
650 _aCOOPERATIVA
650 _aSAO PAULO
909 _a202312
_bLúcia Elande
_c55
_dLúcia Elande
942 _2AGRIS
_n0
_cMS
999 _c260345
_d260345